Pokémon - Les attaques de Vrombotor - Statistiques

Statistiques générales
  • Ce quiz a été pris 9 fois
  • Le résultat moyen est 8 sur 17
Statistiques - réponses
Niveaux Types Noms des attaques % Correct
Niveau 28 Acier Tête de Fer
100%
Niveau 58 Poison Détricanon
80%
Niveau 13 Poison Détritus
80%
Niveau 10 Ténèbres Assurance
60%
Niveau 52 Acier Dérapage
60%
Niveau 36 Poison Direct Toxik
60%
Départ Poison Gaz Toxik
60%
Niveau 17 Acier Gyroballe
60%
Départ Spectre Léchouille
60%
Niveau 21 Normal Coup d'Boule
40%
Niveau 25 Normal Grincement
40%
Niveau 7 Ténèbres Provoc
40%
Niveau 46 Normal Brouhaha
20%
Départ Évolution Acier Change-Vitesse
20%
Niveau 4 Poison Purédpois
20%
Départ Électrique Vol Magnétik
20%
Niveau 32 Normal Vantardise
0%
Aucun quiz correspondant
Distribution des résultats
% des personnes avec chaque résultat
Percentile par nombre de réponses
Votre historique - résultats
Vous n’avez pas pris ce quiz